000 00429nam a2200181Ia 4500
005 20240823060616.0
008 240823s9999||||xx |||||||||||||| ||und||
041 _aENGLISH
082 _A660.2815 Q5
100 _a"Stephanopoulos,George"
245 0 _aChemical Process Control
250 _a1st
260 _c2015
_bPearson Educ
500 _aYES
650 _aProcess Control
_bChemistry
942 _cBK
999 _c231544
_d231544